Alain Badiou (Record no. 38458)
[ view plain ]
| 000 -LEADER | |
|---|---|
| fixed length control field | 01134nam a2200301 a 4500 |
| 082 04 - DEWEY DECIMAL CLASSIFICATION NUMBER | |
| Classification number | 230.01 |
| 100 1# - MAIN ENTRY--AUTHOR NAME | |
| Personal name | Phelps, Hollis. |
| 245 10 - TITLE STATEMENT | |
| Title | Alain Badiou |
| 260 ## - PUBLICATION, DISTRIBUTION, ETC. (IMPRINT) | |
| Place of publication | Durham : |
| Name of publisher | Acumen, |
| Year of publication | 2013. |
| 300 ## - PHYSICAL DESCRIPTION | |
| Number of Pages | ix, 182 p. |
| 856 40 - ELECTRONIC LOCATION AND ACCESS | |
| Uniform Resource Identifier | http://site.ebrary.com/lib/rucke/Doc?id=10723938 |
No items available.
